000 00316nam a2200133Ia 4500
008 240624s9999 xx 000 0 und d
041 _aeng
082 _a658.15 KAP
100 _aKAPIL SHEEBA
245 _aFINANCIAL MANAGEMENT
260 _c2011
_aNew Delhi
_bPearson Education
300 _a752 : p.
365 _cRS
999 _c17307
_d17307